[Event "Mlada Boleslav Region-ch U20"]
[Site "Mlada Boleslav"]
[Date "2012.06.23"]
[Round "4"]
[White "Beer, Milos"]
[Black "Himl, Dominik"]
[Result "0-1"]
[WhiteElo "1250"]
[BlackElo "1250"]
[PlyCount "96"]
[EventDate "2012.06.23"]
[EventType "swiss"]
[EventRounds "7"]
[EventCountry "CZE"]
[SourceTitle "EXT 2014"]
[Source "ChessBase"]
[SourceDate "2013.11.20"]
[SourceVersion "1"]
[SourceVersionDate "2013.11.20"]
[SourceQuality "1"]

1. e4 e5 2. Nf3 Nc6 3. Bb5 Bc5 4. Bxc6 dxc6 5. Nc3 Qe7 6. 0-0 Be6 7. Nxe5 Bd4 8. Nf3 Bxc3 9. dxc3 Rd8 10. Qe2 Nf6 11. Bg5 h6 12. Bh4 g5 13. Bg3 Bc8 14. e5 Nh5 15. Rfd1 0-0 16. Rxd8 Rxd8 17. Rd1 Re8 18. h4 Nxg3 19. fxg3 f6 20. Qc4+ Kg7 21. hxg5 hxg5 22. exf6+ Kxf6 23. Qd4+ Kf7 24. Qc4+ Kf8 25. Re1 Be6 26. Qd4 Rd8 27. Qxa7 b6 28. Nxg5 Qxg5 29. Rxe6 Rd1+ 30. Kf2 Qf5+ 31. Ke2 Qf1+ 32. Ke3 Qe1+ 33. Kf4 Qxe6 34. Qb8+ Qe8 35. Qxc7 Rf1+ 36. Kg5 Qe7+ 37. Qxe7+ Kxe7 38. b4 Rf2 39. a4 Rxc2 40. Kg6 Rxc3 41. g4 Rg3 42. g5 Ke6 43. a5 bxa5 44. bxa5 Rxg2 45. Kh6 Ra2 46. g6 Rxa5 47. g7 Ra8 48. Kh7 c5 0-1